Ruiny Zamków w Opolskim - Statystyki

Ogólne statystyki
  • Ten quiz został rozwiązany 7 razy
  • Średni wynik to 2 z 6
Statystyki odpowiedzi
Miejcowość % Poprawnych
Opole
86%
Opole
86%
Strzelce Opolskie
57%
Chrzelice
0%
Łąka Prudnicka
0%
Ujazd
0%
Nie znaleziono quizów pasujących do podanych kryteriów
Rozkład punktacji
Procent ludzi z każdym wynikiem
Percentyl według liczby udzielonych odpowiedzi
Twoja historia wyników
Nie rozwiązałeś tego quizu